| 000 | 00583nam a22001937a 4500 | ||
|---|---|---|---|
| 005 | 20150327104407.0 | ||
| 008 | 120815s2013 nyu 001 0 eng | ||
| 020 | _a9780071800440 | ||
| 041 | 0 | _aeng | |
| 080 | _a658.15 | ||
| 100 | 1 | _aKey, Stephen. | |
| 245 | 1 | 0 |
_aOne simple idea for startups and entrepreneurs : _cStephen Key, with Colleen Sell. |
| 260 |
_aNew York : _bMcGraw-Hill, _c2013. |
||
| 300 |
_a234 p. ; _c24 cm. |
||
| 650 | 0 | _aOrganizim | |
| 650 | 7 | _aNdermarresi | |
| 700 | 1 | _aSell, Colleen. | |
| 942 |
_2udc _cBK |
||
| 999 |
_c538 _d538 |
||